000 00323 a2200133 4500
000 nam a22 7a 4500
100 _aSarin, Shiv K
110 _aSarin, Shiv K
245 _aOwn your body
250 _aLatest edition
260 _bBloomsbury Publishing
_c2024
264 _bBloomsbury Publishing
_c2024
942 _cBK
999 _c397236
_d397236